| 000 | 00715nam a22001817a 4500 | ||
|---|---|---|---|
| 005 | 20251108164201.0 | ||
| 008 | 250721s1997 xx 000 0 ara d | ||
| 082 | 1 | 4 | _a070.172/حلق |
| 111 | 2 | _aحلقة نقاش الصور المعيارية للصحيفة الأسبوعية الناجحة ( 1997 : عمان ) | |
| 245 | 1 | 0 |
_aالايام الحاسمة في الحروب الصليبية : _bحلقة نقاش / |
| 264 | 1 |
_aعمان : _bمركز الريادة للمعلومات و الدراسات، _c1997. |
|
| 300 | _a68ص | ||
| 490 | 0 | _aسلسلة المجتمع المدني و حقوق الانسان ؛ 4 | |
| 650 | 1 | 7 | _aالصحافة |
| 650 | 1 | 7 | _aالصحف |
| 942 |
_2ddc _cBK |
||
| 999 |
_c5782 _d5782 |
||